000 01237nam a2200253 i 4500
003 IT-RoINE
005 20230417140601.0
008 991021s1999 sp | r o||| ||spa d
040 _aSpMaBN
_cIT-RoINE
_dIT-RoINE
100 1 _aCayetano Martín, María del Carmen
_951382
245 1 3 _aLa voz del rey: provisiones, privilegios y reales cédulas de Felipe II en el Archivo de Villa de Madrid /
_cpor Mª del Carmen Cayetano Martín.
260 _aMadrid :
_bArtes Gráficas Municipales ...,
_c1999.
300 _a50 p. ;
_c21 cm.
336 _2rdacontent
_atext
337 _2rdamedia
_aunmediated
338 _2rdacarrier
_avolume
490 1 _aCiclo de conferencias, El Madrid de Felipe II ;
_v11
500 _aPrécede al tít.: Ayuntamiento de Madrid, Consejalía de cultura, educación juventud y deportes ; Instituo de estudios madrileños del Consejo superior de investigaciones cíentificas.
500 _aLa conferencia se pronunció el dia 18 de junio de 1998 en el Centro cultural de la Villa de Madrid.
600 0 0 _aFelipe
_bII,
_cRey de España,
_d1527-1598
_99965
610 2 4 _951384
_aArchivo General de la Villa de Madrid‏ (España)
830 0 _aCiclo de conferencias, El Madrid de Felipe II
_951386
942 _cMTS
999 _c25894
_d25894